| 000 | 00807nam a22001935i 4500 | ||
|---|---|---|---|
| 001 | 20251176 | ||
| 005 | 20241101175610.0 | ||
| 008 | 180105s2018 nyu 000 0 eng | ||
| 020 | _a9780230216716 | ||
| 050 |
_aKD1554 _b.M39 |
||
| 100 | 1 | _aEwan, McKendrick. | |
| 245 | 1 | 0 |
_aContract law / _cEwan McKendrick. (LLB, BCL, MA Of Gray's Inn, Barrister, Herbert Smith Professor of English Private Law and Pro-Vice-Chancellor in the University of Oxford; Fellow of Lady Margaret Hall) |
| 250 | _aEighth Ed. | ||
| 260 |
_aNew York _bPalgrave Macmillan _cc2009 |
||
| 300 |
_axl, 378 pages cm _bIndex _c24cm |
||
| 500 | _aContract Law. Palgrave macmillan law masters. | ||
| 700 |
_aMarise Cremona _cProfessor of European Law. European University Institute , Florence, Italy _eeditor |
||
| 942 |
_2lcc _cBK _eEighth ed. _n0 |
||
| 999 |
_c536 _d536 |
||